Wahlkreise, die am meisten SPD gewählt haben - Statistiken

Allgemein
  • Dieses Quiz wurde 79 mal gespielt
    49 seit der letzten Aktualisierung
  • Das Durchschnittsergebnis liegt bei 14 aus 20
Antwortstatistiken
% Kandidat BL Wahlkreis % Korrekt
34,1 Adis Ahmetović NI Stadt Hannover I
95%
36,2 Boris Pistorius NI Stadt Hannover II
95%
32,7 Karl Lauterbach NW Leverkusen – Köln IV
85%
41,2 Johann Saathoff NI Aurich – Emden
80%
32,4 Sabine Poschmann NW Dortmund II
80%
39,0 Bärbel Bas NW Duisburg I
80%
33,3 Mahmut Özdemir NW Duisburg II
80%
34,4 Dennis Rohde NI Oldenburg – Ammerland
75%
33,4 Christos Pantazis NI Braunschweig
73%
32,4 Josephine Ortleb SL Saarbrücken
73%
33,5 Hendrik Bollmann NW Herne – Bochum II
70%
32,6 Sebastian Fiedler NW Mülheim – Essen I
70%
32,7 Serdar Yüksel NW Bochum I
68%
35,4 Siemtje Möller NI Friesland – Wilhelmshaven – Wittmund
60%
33,9 Hubertus Heil NI Gifhorn – Peine
53%
33,1 Frank Schwabe NW Recklinghausen I
53%
42,1 Lars Klingbeil NI Rotenburg I – Heidekreis
53%
32,2 Michael Thews NW Hamm – Unna II
50%
33,6 Helge Lindh NW Wuppertal I
48%
33,0 Johannes Schraps NI Hameln-Pyrmont – Holzminden
45%
Keine übereinstimmenden Quizze gefunden
Verteilung der Resultate
Anzahl Personen mit jedem Resultat
Perzentil nach korrekt beantworteten Fragen
Ihre Resultats-Entwicklung
Sie haben dieses Quiz seit der letzten Aktualisierung nicht gespielt